Роль термических процессов при формировании структуры нанокластеров Au, Ni и Cu; Известия вузов. Физика; Т. 54, № 1/2 : Радиационно-термические эффекты и процессы в неорганических материалах

Xehetasun bibliografikoak
Parent link:Известия вузов. Физика.— , 1958-
Т. 54, № 1/2 : Радиационно-термические эффекты и процессы в неорганических материалах.— 2011
Beste egile batzuk: Головенько Ж. В., Гафнер С. Л., Редель Л. В., Гафнер Ю. Я.
Gaia:Заглавие с экрана
Hizkuntza:errusiera
Argitaratua: 2011
Gaiak:
Sarrera elektronikoa:http://www.lib.tpu.ru/fulltext/v/Conferences/2011/K02/32.pdf
Formatua: Baliabide elektronikoa Liburu kapitulua
KOHA link:https://koha.lib.tpu.ru/cgi-bin/koha/opac-detail.pl?biblionumber=458234

MARC

LEADER 00000naa2a2200000 4500
001 458234
005 20231101084953.0
035 |a (RuTPU)RU\TPU\prd\121881 
035 |a RU\TPU\prd\121880 
090 |a 458234 
100 |a 20111004d2011 k y0rusy50 ca 
101 0 |a rus 
102 |a RU 
135 |a drnn ---uucaa 
181 0 |a i  
182 0 |a b 
200 1 |a Роль термических процессов при формировании структуры нанокластеров Au, Ni и Cu  |b Электронный ресурс  |f Ж. В. Головенько [и др.] 
203 |a Текст  |c электронный 
215 |a 1 файл (704 Кб) 
230 |a Электронные текстовые данные (1 файл : 704 Кб) 
300 |a Заглавие с экрана 
337 |a Adobe Reader 
461 1 |0 (RuTPU)RU\TPU\prd\191  |t Известия вузов. Физика  |d 1958- 
463 1 |0 (RuTPU)RU\TPU\prd\113411  |t Т. 54, № 1/2 : Радиационно-термические эффекты и процессы в неорганических материалах  |o тематический выпуск  |f под ред. А. П. Суржикова  |d 2011 
610 1 |a нанокластеры 
610 1 |a металлы 
610 1 |a нанокластеры металлов 
610 1 |a структура 
610 1 |a формирование 
610 1 |a компьютерное моделирование 
610 1 |a электронный ресурс 
701 1 |a Головенько  |b Ж. В. 
701 1 |a Гафнер  |b С. Л. 
701 1 |a Редель  |b Л. В. 
701 1 |a Гафнер  |b Ю. Я. 
801 1 |a RU  |b 63413507  |c 20110927 
801 2 |a RU  |b 63413507  |c 20121213  |g RCR 
856 4 |u http://www.lib.tpu.ru/fulltext/v/Conferences/2011/K02/32.pdf 
942 |c BK